000 00348nam a22001217a 4500
999 _c3384
_d3384
005 20201130143851.0
008 201130b ||||| |||| 00| 0 eng d
020 _a8325
040 _cCML
245 _aBasic Bookbinding.
_cLewis A.W.
260 _aNew york
_bDover Publications, Inc.
_c1957
942 _2ddc
_cBK
_e1st Edition
_h655
_mLEW